Loading...
| Current Events | 2 | 10.00 | 50% | 50% | 0% |
| Fine Arts - Classical Music | 3 | 6.67 | 67% | 0% | 0% |
| Fine Arts - Other | 2 | 10.00 | 100% | 0% | 0% |
| Fine Arts - Painting and Sculpture | 2 | 5.00 | 50% | 0% | 0% |
| Geography | 1 | 10.00 | 100% | 0% | 0% |
| History - American | 3 | 10.00 | 67% | 33% | 0% |
| History - European | 2 | 5.00 | 50% | 0% | 0% |
| History - Other | 1 | 10.00 | 100% | 0% | 0% |
| History - World | 2 | 10.00 | 100% | 0% | 0% |
| Literature - American | 1 | 20.00 | 100% | 100% | 0% |
| Literature - British | 1 | 10.00 | 100% | 0% | 0% |
| Literature - European | 3 | 13.33 | 100% | 33% | 0% |
| Literature - World | 1 | 10.00 | 100% | 0% | 0% |
| Mythology | 3 | 13.33 | 100% | 33% | 0% |
| Philosophy | 2 | 10.00 | 50% | 50% | 0% |
| Religion | 1 | 0.00 | 0% | 0% | 0% |
| Science - Biology | 2 | 10.00 | 50% | 50% | 0% |
| Science - Chemistry | 1 | 10.00 | 100% | 0% | 0% |
| Science - Other | 2 | 15.00 | 100% | 50% | 0% |
| Science - Physics | 2 | 5.00 | 50% | 0% | 0% |
| Social Science | 1 | 0.00 | 0% | 0% | 0% |